000 00577nam a22001817a 4500
999 _c185975
_d185975
005 20220211120920.0
010 _aENG-131532
020 _a9789386806413
_c999.00
035 _aEN-115064
037 _bDBAD
082 _a150.1988
100 _aBasal, Manisha
245 _aPositive Psychology/
_cManisha Basal
260 _aNew Delhi
_bIshwar Books
_c2019
270 _aB-29, Arya Nagar CGHS Ltd. Plot No. 91, I.P. Extension, Patparganj
_bNew Delhi
_e110092
_mishwarbooks@gmail.com
300 _a328p.
_bIndex
_c24cm(hbk)
942 _2ddc
_cEN
_h150.1988
_mBAS